000 00496nmm a2200169Ia 4500
008 251105s9999||||xx |||||||||||||||||und||
020 _a9788468772257
041 _aspa
100 _aBrisbin, Terri
245 0 _aSecuestro en las Highlands
264 _a[Madrid, España] :
_bHarlequin,
_c[Fecha de publicación no identificada]
300 _a0 páginas
490 _a'Highlanders'
650 _aHistorical fiction
856 _uhttps://public.digitaliapublishing.com/a/94321
942 _cCF
999 _c84381
_d84381